[Event "1a. 2006"]
[Site "?"]
[Date "2006.??.??"]
[Round "?"]
[White "Rosales S., Allan"]
[Black "Montenegro B., Manuel"]
[Result "1-0"]
[WhiteElo "1934"]
[BlackElo "1682"]
[PlyCount "101"]

1. e4 e6 2. d4 d5 3. Bd3 Nf6 4. Bg5 Be7 5. Nd2 dxe4 6. Nxe4 Nd5 7. Bxe7 Qxe7 8.
Nf3 h6 9. O-O Nd7 10. Re1 O-O 11. a3 N7f6 12. Ng3 Qd6 13. Qd2 Qf4 14. Qe2 Rd8
15. c4 Nb6 16. Qc2 c6 17. Re3 Nbd7 18. Rae1 Nf8 19. Qc3 c5 20. dxc5 Bd7 21. Ne5
Bc6 22. Nxc6 bxc6 23. Be4 Rac8 24. h3 Qg5 25. b4 Ng6 26. Bxg6 Qxg6 27. Ne4 Nxe4
28. Rxe4 Qf5 29. Rg4 g6 30. Rd4 Qf6 31. Red1 Qe7 32. Qd3 Rxd4 33. Qxd4 Rc7 34.
Qd8+ Qxd8 35. Rxd8+ Kg7 36. Kf1 Kf6 37. Ke2 Ke7 38. Rd6 a6 39. Ke3 f6 40. f4 g5
41. g3 Rc8 42. Kd4 Rc7 43. fxg5 hxg5 44. h4 gxh4 45. gxh4 Rd7 46. Rxd7+ Kxd7
47. h5 Ke7 48. b5 cxb5 49. cxb5 axb5 50. h6 Kf7 51. c6 1-0

[Event "1a. 2006"]
[Site "?"]
[Date "2006.??.??"]
[Round "?"]
[White "Pando T., Luis"]
[Black "Mujica A., Christian"]
[Result "0-1"]
[WhiteElo "1849"]
[BlackElo "1766"]
[PlyCount "86"]

1. e4 e5 2. Nf3 Nf6 3. Nc3 Bb4 4. d3 Nc6 5. Bd2 O-O 6. Be2 a6 7. a3 Bc5 8. O-O
b5 9. Bg5 h6 10. Bh4 Kh7 11. Nd5 Be7 12. Ne3 d6 13. h3 Be6 14. Bxf6 Bxf6 15.
Nh2 Nd4 16. c3 Nxe2+ 17. Qxe2 Be7 18. Rad1 f5 19. exf5 Bxf5 20. Nxf5 Rxf5 21.
Qe4 g6 22. Qd5 Qf8 23. Ng4 Bg5 24. Ne3 Rf7 25. Qc6 Qe8 26. Qd5 Rd8 27. Ng4 c6
28. Qe4 h5 29. Nh2 Qd7 30. Nf3 Be7 31. d4 Rf4 32. Qe3 Rdf8 33. dxe5 d5 34. b4
R4f5 35. Nd4 35... Bg5 $1 36. Qe2 Rf4 37. Nf3 Rxf3 38. gxf3 Qxh3 39. Rd4 39...
Bf4 $1 40. Rxf4 Rxf4 41. Qe3 Rh4 42. Qa7+ Kh6 43. Qe3+ g5 0-1

[Event "1a. 2006"]
[Site "?"]
[Date "2006.??.??"]
[Round "?"]
[White "Manzano V., Jorge"]
[Black "Rosales S., Robin"]
[Result "1-0"]
[WhiteElo "1953"]
[BlackElo "1682"]
[PlyCount "69"]

1. c4 e5 2. Nc3 Nf6 3. Nf3 Nc6 4. g3 d5 5. cxd5 Nxd5 6. d3 Bg4 7. Bg2 Bb4 8.
Qc2 Nd4 9. Qd2 Nxf3+ 10. exf3 Bf5 11. O-O Nf6 12. Qg5 12... O-O $2 13. Qxf5 Qe7
14. Bg5 h6 15. Bxf6 Qxf6 16. Qxf6 gxf6 17. Nd5 Bd6 18. Nxf6+ Kg7 19. Ne4 f5 20.
Nxd6 cxd6 21. Rac1 d5 22. Rc7+ Rf7 23. Rfc1 Raf8 24. Bf1 Rxc7 25. Rxc7+ Rf7 26.
Rxf7+ Kxf7 27. Be2 Ke6 28. Bd1 a6 29. Kf1 Kd6 30. Ke2 Kc5 31. g4 f4 32. h4 b5
33. Bb3 a5 34. g5 hxg5 35. h5 1-0

[Event "1a. 2006"]
[Site "?"]
[Date "2006.??.??"]
[Round "?"]
[White "Iocco B., Pablo"]
[Black "Ojeda M., Pablo"]
[Result "0-1"]
[WhiteElo "1822"]
[BlackElo "2014"]
[PlyCount "52"]

1. e4 e5 2. Nf3 Nc6 3. Bb5 a6 4. Ba4 Nf6 5. O-O b5 6. Bb3 Bb7 7. c3 Be7 8. Re1
d6 9. d4 O-O 10. Nbd2 h6 11. Nf1 Na5 12. Bc2 exd4 13. cxd4 c5 14. e5 dxe5 15.
dxe5 Qxd1 16. Rxd1 Nd5 17. Nh4 Bxh4 18. Be4 Rad8 19. g3 Be7 20. a4 b4 21. f4
Nb3 22. Rb1 c4 23. f5 Nc3 24. Rxd8 Rxd8 25. bxc3 Bxe4 26. Rb2 Nxc1 0-1

[Event "1a. 2006"]
[Site "?"]
[Date "2006.??.??"]
[Round "?"]
[White "Montenegro B., Manuel"]
[Black "Torres E., Rodolfo"]
[Result "0-1"]
[WhiteElo "1682"]
[BlackElo "1802"]
[PlyCount "92"]

1. d4 Nf6 2. c4 e6 3. Nf3 c5 4. e3 d5 5. Bd3 cxd4 6. exd4 Nc6 7. a3 dxc4 8.
Bxc4 Be7 9. O-O O-O 10. Nc3 a6 11. b4 Qc7 12. Qe2 b5 13. d5 Nxb4 14. axb4 Qxc4
15. Qxc4 bxc4 16. dxe6 Bxe6 17. Ba3 Nd5 18. Nxd5 Bxd5 19. Rac1 $2 19... a5 20.
Rfd1 Bxf3 21. gxf3 axb4 22. Bxb4 Bxb4 23. Rxc4 Be7 24. Rd7 Bf6 25. Rg4 Rfd8 26.
Rc7 Rd4 27. Rc6 Rxg4+ 28. fxg4 h6 29. Rc2 Ra1+ 30. Kg2 Rb1 31. h3 g6 32. Re2
Kg7 33. Rc2 Rb2 34. Rc4 Bh4 35. Rf4 Kf8 36. Kf1 Ke7 37. Re4+ Kd6 38. Re2 Rxe2
39. Kxe2 Ke5 40. Kf3 Bg5 41. Kg3 Bf4+ 42. Kf3 g5 43. Kg2 Ke4 44. Kf1 Kf3 45.
Kg1 Be5 46. Kh1 Bd4 0-1

[Event "1a. 2006"]
[Site "?"]
[Date "2006.??.??"]
[Round "?"]
[White "Mujica A., Cristhian"]
[Black "Iocco B., Pablo"]
[Result "0-1"]
[WhiteElo "1766"]
[BlackElo "1822"]
[PlyCount "52"]

1. e4 c6 2. d4 d5 3. Nd2 dxe4 4. Nxe4 Nd7 5. Ng5 Ngf6 6. Bc4 e6 7. Qe2 Nb6 8.
Bb3 Qxd4 9. N1f3 Qd8 10. Ne5 Qd4 11. O-O Be7 12. Nexf7 Rf8 13. Nxe6 Bxe6 14.
Qxe6 Nbd5 15. Nd6+ Kd8 16. Nxb7+ Kc7 17. Na5 Qc5 18. Nc4 h5 19. Be3 Nxe3 20.
Nxe3 Rae8 21. Rad1 Bd6 22. Qc4 Ne4 23. Rd4 Qxc4 24. Bxc4 Bc5 25. Rd3 Nxf2 26.
Rxf2 Rxe3 0-1

[Event "1a. 2006"]
[Site "?"]
[Date "2006.??.??"]
[Round "?"]
[White "Rosales V., Claudio"]
[Black "Pando T., Luis"]
[Result "1/2-1/2"]
[WhiteElo "1739"]
[BlackElo "1849"]
[PlyCount "118"]

1. e4 e5 2. c4 Nf6 3. d3 Bc5 4. Be3 Qe7 5. Nc3 O-O 6. Bg5 c6 7. Qf3 Qe6 8. Bxf6
Qxf6 9. Qxf6 gxf6 10. Nf3 d6 11. h3 f5 12. a3 Bb6 13. b4 fxe4 14. dxe4 f5 15.
Bd3 fxe4 16. Nxe4 $2 16... d5 17. cxd5 cxd5 18. Nd6 e4 19. Nxe4 dxe4 20. Bxe4
Re8 21. Nd2 Bf5 22. f3 Nc6 23. Kd1 Bxe4 24. Nxe4 Rad8+ 25. Kc2 Nd4+ 26. Kb2 Kg7
27. Rad1 Re7 28. Rd3 Rc7 29. Nc3 Rdc8 30. Rhd1 Kf8 31. R1d2 Ne6 32. Nd5 Rc6 33.
Nxb6 Rxb6 34. Rd7 34... a5 $2 35. Rxh7 Kg8 36. Rh4 axb4 37. Rxb4 Nc5 38. Rxb6
Na4+ 39. Kb3 Nxb6 40. Kb4 Kf7 41. Rd6 Nc4 42. Rd7+ Ke6 43. Rxb7 Nd2 44. Rg7 Kd6
45. Rg4 Rb8+ 46. Kc3 Nb1+ 47. Kd3 Nxa3 48. Rg6+ Ke5 49. h4 Rb3+ 50. Ke2 Rb2+
51. Kf1 Nc4 52. Rg5+ Kd4 53. h5 Ke3 54. Kg1 Rb1+ 55. Kh2 Nd2 56. h6 Kf2 57. h7
Nf1+ 58. Kh3 Ne3 59. Kh2 Nf1+ 1/2-1/2

[Event "1a. 2006"]
[Site "?"]
[Date "2006.??.??"]
[Round "?"]
[White "Ojeda M., Pablo"]
[Black "Manzano V., Jorge"]
[Result "0-1"]
[WhiteElo "2014"]
[BlackElo "1953"]
[PlyCount "70"]

1. d4 d5 2. c4 c6 3. Nc3 Nf6 4. Nf3 e6 5. Bg5 dxc4 6. e4 b5 7. e5 h6 8. Bh4 g5
9. Nxg5 hxg5 10. Bxg5 Nbd7 11. exf6 Bb7 12. g3 c5 13. d5 Qb6 14. Bg2 O-O-O 15.
O-O b4 16. Rb1 Ne5 17. Qe2 Nd3 18. Na4 Qa6 19. Qc2 Bxd5 20. Bxd5 Rxd5 21. h4
Qc6 22. Be3 Ne5 23. f4 Ng4 24. Bf2 Rd3 25. b3 Nxf2 26. Qxf2 Rg8 27. Kh2 Rgxg3
28. Qxg3 Rxg3 29. Kxg3 c3 30. Rbc1 Qe4 31. h5 Bh6 32. Rf3 Bxf4+ 33. Rxf4 Qe3+
34. Kg4 Qxc1 35. Nxc5 Qg1+ 0-1

[Event "1a. 2006"]
[Site "?"]
[Date "2006.??.??"]
[Round "?"]
[White "Rosales S., Robin"]
[Black "Rosales S., Allan"]
[Result "0-1"]
[WhiteElo "1683"]
[BlackElo "1934"]
[PlyCount "42"]

1. e4 c5 2. Bc4 e6 3. Nf3 Nc6 4. Nc3 Nf6 5. d4 cxd4 6. Nxd4 Bb4 7. Nxc6 bxc6 8.
Bd2 O-O 9. Qe2 d5 10. exd5 $2 10... exd5 11. O-O-O dxc4 12. Ne4 Bxd2+ 13. Rxd2
Qa5 14. Nxf6+ gxf6 15. a3 c3 16. Rd3 cxb2+ 17. Kxb2 Rb8+ 18. Ka2 Be6+ 19. Ka1
Kh8 20. Rg3 Qd5 21. c4 Qd4+ 0-1

[Event "1a. 2006"]
[Site "?"]
[Date "2006.??.??"]
[Round "?"]
[White "Torres E., Rodolfo"]
[Black "Mujica A., Cristhian"]
[Result "1/2-1/2"]
[WhiteElo "1802"]
[BlackElo "1766"]
[PlyCount "82"]

1. e4 Nf6 2. e5 Nd5 3. d4 d6 4. c4 Nb6 5. exd6 exd6 6. Bd3 Nc6 7. d5 Nb4 8.
Qe2+ Be7 9. Be4 O-O 10. a3 Na6 11. Be3 Re8 12. Qc2 g6 13. Ne2 Bf6 14. Bd3 Nc5
15. Bxc5 dxc5 16. O-O Nd7 17. f4 Qe7 18. Nbc3 Bg7 19. Rae1 Qh4 20. Ne4 b6 21.
Qd2 Nf6 22. Nxf6+ Qxf6 23. b3 Bf5 24. Bxf5 Qxf5 25. h3 Qe4 26. Ng3 Qd4+ 27. Qf2
Qb2 (27... Qc3 $1) 28. Qxb2 Bxb2 29. Ne4 Kg7 30. a4 Bd4+ 31. Kh2 Re7 32. Re2 f5
33. Ng3 Rxe2 34. Nxe2 Re8 35. Nxd4 cxd4 36. Rf3 Kf6 37. Rd3 Re4 38. Kg3 Ke7 39.
Kf3 Kd6 40. g4 $2 40... Kc5 41. h4 h5 1/2-1/2

[Event "1a. 2006"]
[Site "?"]
[Date "2006.??.??"]
[Round "?"]
[White "Iocco B., Pablo"]
[Black "Rosales V., Claudio"]
[Result "1-0"]
[WhiteElo "1822"]
[BlackElo "1739"]
[PlyCount "107"]

1. e4 e6 2. d4 c5 3. d5 d6 4. Bb5+ Bd7 5. Bxd7+ Nxd7 6. Nc3 Ngf6 7. dxe6 fxe6
8. Bf4 e5 9. Bg5 Be7 10. Qd2 h6 11. Bxf6 Nxf6 12. f3 O-O 13. Nd5 b6 14. O-O-O
Kh8 15. Nxe7 Qxe7 16. Qxd6 Qxd6 17. Rxd6 Rad8 18. Rxd8 Rxd8 19. Ne2 Kh7 20. g4
Kg6 21. h4 Rd7 22. Rd1 Rxd1+ 23. Kxd1 Nd7 24. Kd2 Kf6 25. Ng3 g6 26. Kd3 Ke6
27. h5 gxh5 28. Nxh5 Nf6 29. Ng3 b5 30. c4 b4 31. Nf5 Ng8 32. Kc2 Kf6 33. Kd2
Kg5 34. Ke3 Nf6 35. Ne7 Nd7 36. Kf2 a6 37. b3 Nb6 38. Nc6 Nd7 39. Kg3 Kf6 40.
Kh4 Kg6 41. Ne7+ Kf7 42. Nd5 Kg6 43. f4 exf4 44. Nxf4+ Kg7 45. Nd3 a5 46. e5
Kf7 47. Kh5 Ke6 48. Kxh6 a4 49. g5 axb3 50. axb3 Nb6 51. Nxc5+ Kxe5 52. Na6
Nxc4 53. bxc4 b3 54. Nc5 1-0

[Event "1a. 2006"]
[Site "?"]
[Date "2006.??.??"]
[Round "?"]
[White "Pando T., Luis"]
[Black "Rosales S., Robin"]
[Result "1-0"]
[WhiteElo "1849"]
[BlackElo "1683"]
[PlyCount "83"]

1. e4 e5 2. Nf3 Nc6 3. Bc4 Be7 4. O-O Nf6 5. d4 d6 6. Re1 O-O 7. Nc3 Bg4 8. d5
Bxf3 9. Qxf3 Nd4 10. Qd1 c6 11. Be3 cxd5 12. Nxd5 Nc6 13. f4 Re8 14. Qf3 exf4
15. Bxf4 Nxd5 16. Bxd5 Qb6+ 17. Kh1 Nd4 18. Qf2 Bf6 19. Be3 Qxb2 20. Rab1 Qc3
21. Rxb7 Ne6 22. Rb3 Qe5 23. Bxa8 Rxa8 24. Bxa7 Ng5 25. Qe3 h6 26. c3 d5 27.
Bd4 Qxe4 28. Bxf6 gxf6 29. Qg3 Qg6 30. a3 Ne4 31. Qxg6+ fxg6 32. h3 f5 33. Kh2
Nd2 34. Rb7 Ne4 35. Reb1 Nxc3 36. R1b6 g5 37. Rxh6 g4 38. Rg6+ Kf8 39. h4 Rxa3
40. Rc6 g3+ 41. Kh3 Ne4 42. Rc8# 1-0

[Event "1a. 2006"]
[Site "?"]
[Date "2006.??.??"]
[Round "?"]
[White "Montenegro B., Manuel"]
[Black "Arevalo S., Felipe"]
[Result "1-0"]
[WhiteElo "1682"]
[BlackElo "1642"]
[PlyCount "104"]

1. d4 d5 2. c4 e6 3. Nc3 Nf6 4. e3 c6 5. Bd3 dxc4 6. Bxc4 b5 7. Bd3 Bb7 8. Bd2
a6 9. Nf3 Bd6 10. e4 Bb4 11. Qc2 Nbd7 12. a3 Ba5 13. b4 Bb6 14. O-O O-O 15.
Rfe1 Re8 16. e5 Nd5 17. Bxh7+ Kh8 18. Ng5 Qe7 19. Qe4 Nxc3 20. Qh4 Nf8 21. Bd3+
Kg8 22. Bxc3 Rad8 23. Re3 f6 24. Nh7 fxe5 25. Qxe7 Rxe7 26. Nxf8 Kxf8 27. Rh3
Red7 28. Rh8+ Kf7 29. Rxd8 Rxd8 30. Rd1 exd4 31. Bb2 c5 32. bxc5 Bxc5 33. Rc1
Bb6 34. f4 Kf6 35. g3 g5 36. Rf1 gxf4 37. Rxf4+ Ke7 38. Rg4 Bf3 39. Rg7+ Kf6
40. Rh7 e5 41. Rh4 e4 42. Rf4+ Kg6 43. Bxe4+ Bxe4 44. Rxe4 d3+ 45. Kg2 d2 46.
Rg4+ Kh7 47. Rh4+ Kg6 48. Rg4+ Kf7 49. Rf4+ Ke8 50. Re4+ Kd7 51. Bd4 51... Bxd4
$2 52. Rxd4+ 52... Ke6 $4 1-0

[Event "1a. 2006"]
[Site "?"]
[Date "2006.??.??"]
[Round "?"]
[White "Rosales S., Allan"]
[Black "Pando T., Luis"]
[Result "0-1"]
[WhiteElo "1934"]
[BlackElo "1849"]
[PlyCount "56"]

1. e4 c5 2. Nc3 d6 3. f4 Nc6 4. Nf3 a6 5. a4 g6 6. Bc4 Bg7 7. O-O e6 8. d3 Nge7
9. Be3 O-O 10. Qe1 $2 10... d5 11. exd5 exd5 12. Nxd5 Nxd5 13. Bxc5 Re8 14. Qd2
Bxb2 15. Rae1 Rxe1 16. Qxe1 Bc3 17. Qe2 Bg4 18. Qe4 Nf6 19. Qe2 Bd4+ 20. Bxd4
Nxd4 21. Qe5 Bxf3 22. gxf3 Qb6 23. Kg2 Re8 24. Qg5 Nf5 25. a5 Qc6 26. Rb1 Re2+
27. Kg1 Qxf3 28. Rf1 Qh3 0-1

[Event "1a. 2006"]
[Site "?"]
[Date "2006.??.??"]
[Round "?"]
[White "Manzano V., Jorge"]
[Black "Iocco B., Pablo"]
[Result "1-0"]
[WhiteElo "1953"]
[BlackElo "1822"]
[PlyCount "75"]

1. e4 c6 2. d4 d5 3. Nc3 dxe4 4. Nxe4 Nd7 5. Ng5 Ngf6 6. Bd3 e6 7. N1f3 Bd6 8.
Qe2 h6 9. Ne4 Nxe4 10. Qxe4 Nf6 11. Qe2 O-O 12. O-O Qc7 13. h3 Bf4 14. Re1 Bxc1
15. Raxc1 c5 16. Rcd1 Rd8 17. dxc5 Bd7 18. b4 Nd5 19. Qe4 f5 20. Qc4 Ne7 21.
Ne5 Bc8 22. Re3 Nd5 23. Ree1 Ne7 24. g4 Rd5 25. f4 Qd8 26. Be2 Nc6 27. Bf3 Nxe5
28. fxe5 Rxd1 29. Rxd1 Qc7 30. Rd6 Kh7 31. Qd3 g6 32. Qd4 Rb8 33. Rd8 a5 34. b5
Ra8 35. Qd6 Qf7 36. Rf8 Qg7 37. Qd8 h5 38. g5 1-0

[Event "1a. 2006"]
[Site "?"]
[Date "2006.??.??"]
[Round "?"]
[White "Rosales S., Robin"]
[Black "Ojeda M., Pablo"]
[Result "0-1"]
[WhiteElo "1683"]
[BlackElo "2014"]
[PlyCount "76"]

1. e4 c5 2. Nc3 e6 3. Be2 d5 4. exd5 exd5 5. Bb5+ Bd7 6. Qe2+ Be7 7. Nxd5 Nc6
8. Nxe7 Ngxe7 9. Nf3 a6 10. Bc4 b5 11. Bd5 O-O 12. Bxc6 Bxc6 13. O-O Ng6 14.
Qe3 Rc8 15. Qb3 c4 16. Qe3 b4 17. Qd4 Qa5 18. Qg4 f5 19. Qg3 Be4 20. d3 cxd3
21. cxd3 Bxd3 22. Rd1 Be4 23. b3 Rc3 24. Bb2 Bxf3 25. gxf3 Rc2 26. Bd4 f4 27.
Qg4 Rc6 28. Qd7 Rc7 29. Qe6+ Kh8 30. Kh1 Qh5 31. Qg4 Qb5 32. Rac1 Rxc1 33. Rxc1
Qd5 34. Rd1 Ne5 35. Kg2 $2 35... Nxg4 36. Bxg7+ Kxg7 37. Rxd5 Nf6 38. Ra5 Ra8
0-1

[Event "1a. 2006"]
[Site "?"]
[Date "2006.??.??"]
[Round "?"]
[White "Rosales V., Claudio"]
[Black "Torres E., Rodolfo"]
[Result "1-0"]
[WhiteElo "1739"]
[BlackElo "1802"]
[PlyCount "83"]

1. e4 d5 2. exd5 Qxd5 3. Nc3 Qa5 4. Bc4 Nf6 5. h3 Bf5 6. d3 e6 7. Qf3 c6 8.
Nge2 Nbd7 9. Bf4 Ne5 10. Bxe5 Qxe5 11. O-O O-O-O 12. Ng3 Bg6 13. a3 h5 14. Rfe1
Qd4 15. Nge2 Qb6 16. b4 Nd7 17. Nf4 Bf5 18. Nxh5 Qd4 19. Ne2 Qh4 20. Nhg3 Ne5
21. Qf4 Qxf4 22. Nxf4 Nxc4 23. Nxf5 exf5 24. dxc4 Rd4 25. Nd3 Rxc4 26. Re8+ Kc7
27. Rc1 Re4 28. Re1 Rxe1+ 29. Nxe1 Kd7 30. Ra8 a6 31. Nf3 31... f6 $2 32. Nd4
$1 32... g6 33. Rb8 33... Kc7 $2 34. Re8 Kd7 35. Rb8 35... Kc7 $2 36. Rxf8 Rh4
37. Ne6+ Kd6 38. Nc5 Rc4 39. Rxf6+ Kd5 40. Nxb7 Rxc2 41. Rxg6 Ra2 42. Rg3 1-0

[Event "1a. 2006"]
[Site "?"]
[Date "2006.??.??"]
[Round "?"]
[White "Mujica A., Cristhian"]
[Black "Rosales V., Claudio"]
[Result "0-1"]
[WhiteElo "1766"]
[BlackElo "1739"]
[PlyCount "144"]

1. d4 d5 2. c4 dxc4 3. Nf3 Bf5 4. Nc3 Nf6 5. Ne5 Nbd7 6. Nxc4 e6 7. Qb3 Nb6 8.
Ne3 Qxd4 9. Nxf5 exf5 10. Be3 Qc4 11. Qb5+ Qxb5 12. Nxb5 Bb4+ 13. Bd2 Bxd2+ 14.
Kxd2 O-O-O+ 15. Kc2 c6 16. Nc3 Ne4 17. Nxe4 fxe4 18. g4 Rhe8 19. Rd1 Rxd1 20.
Kxd1 Na4 21. Kc2 Re5 22. e3 Kc7 23. Be2 b5 24. Kb3 Nb6 25. Rd1 Rd5 26. Rc1 Kd6
27. Bf1 Rd2 28. Rc2 Rxc2 29. Kxc2 b4 30. Bg2 Ke5 31. f4+ exf3 32. Bxf3 c5 33.
b3 a5 34. Kd3 a4 35. e4 axb3 36. axb3 Kf4 37. Be2 Nd7 38. Kc4 Kxe4 39. Bd3+ Kf4
40. Bf5 Ne5+ 41. Kxc5 Nxg4 42. Bxh7 Nxh2 43. Kxb4 Nf3 44. Bg8 f6 45. Kc3 Ke5
46. Kd3 g5 47. Ke3 Nd4 48. Kf2 Nc2 49. Kg3 f5 50. Bh7 Ne3 51. b4 f4+ 52. Kf2
Kd5 53. Bg8+ Kc6 54. Kf3 $2 54... Kb5 55. Ke4 Kxb4 56. Be6 Kc3 57. Ke5 $2 57...
f3 58. Ke4 f2 59. Bh3 Kd2 60. Kf3 Nd1 61. Kg4 Ke3 62. Kxg5 Kf3 63. Bg4+ Kg3 64.
Be2 Ne3 65. Kf6 Kf4 66. Kg6 Nc2 67. Kh5 Nd4 68. Bf1 Kf3 69. Bh3 $2 69... Kg3
70. Bf1 Kf3 71. Bh3 $2 71... Nf5 72. Kg5 $2 72... Ne3 0-1

[Event "1a. 2006"]
[Site "?"]
[Date "2006.??.??"]
[Round "?"]
[White "Pando T., Luis"]
[Black "Arevalo S., Felipe"]
[Result "1-0"]
[WhiteElo "1849"]
[BlackElo "1661"]
[PlyCount "83"]

1. e4 c5 2. Nf3 d6 3. d4 cxd4 4. Nxd4 Nf6 5. Nc3 a6 6. f3 Nbd7 7. Be3 e6 8. Qd2
Be7 9. g4 Qc7 10. h4 b5 11. g5 Nh5 12. Rg1 g6 13. f4 Nc5 14. a3 Bb7 15. Be2
15... Nxf4 {(Cxe4 - +)} 16. Bxf4 e5 17. Be3 exd4 18. Qxd4 O-O 19. h5 Ne6 20.
Qd2 Nc5 21. hxg6 fxg6 22. Nd5 Qd8 23. Bg4 Bc8 24. Bxc8 Rxc8 25. Nc3 Nd7 26.
Qd5+ Rf7 27. Rf1 Qe8 28. O-O-O Kg7 29. Qe6 29... Ne5 {(Cc5!?)} 30. Rxf7+ Nxf7
31. Bd4+ Kf8 32. Kb1 Bxg5 33. Qg4 h5 34. Qh3 Rc7 35. Rf1 Qd7 36. Qg3 Kg8 37.
Nd5 Rc6 38. Nf6+ Bxf6 39. Qxg6+ Kf8 40. Bxf6 Qe6 41. Bg7+ Ke7 42. Bf8+ 1-0

[Event "1a. 2006"]
[Site "?"]
[Date "2006.??.??"]
[Round "?"]
[White "Iocco B., Pablo"]
[Black "Montenegro B., Manuel"]
[Result "1-0"]
[WhiteElo "1822"]
[BlackElo "1682"]
[PlyCount "91"]

1. e4 e6 2. d4 d5 3. Nc3 Nf6 4. Bg5 dxe4 5. Nxe4 Nbd7 6. Nf3 Be7 7. Nxf6+ Nxf6
8. Ne5 O-O 9. Qd2 Ne4 10. Bxe7 Qxe7 11. Qc1 Rd8 12. c3 c5 13. Qe3 f5 14. O-O-O
cxd4 15. Rxd4 Rxd4 16. Qxd4 Qd6 17. Qxd6 Nxd6 18. Nc4 Nxc4 19. Bxc4 Kf8 20. Re1
Kf7 21. f4 Bd7 22. Rd1 Ke7 23. Kc2 Rd8 24. Bb3 a5 25. a3 b5 26. g3 Rc8 27. Rd4
Rc6 28. Kd3 Rc5 29. Ke3 Bc6 30. Bc2 Bd5 31. Kd2 g6 32. a4 Bc6 33. b4 axb4 34.
cxb4 Rd5 35. Rxd5 exd5 36. a5 Kd6 37. Kd3 Bb7 38. Kd4 38... Ba6 $2 39. Bd3 Kc6
40. Ke5 Bc8 41. Bc2 Bd7 42. Bb3 d4 43. Kxd4 Kd6 44. Bg8 h6 45. h4 h5 46. Bf7
1-0

[Event "1a. 2006"]
[Site "?"]
[Date "2006.??.??"]
[Round "?"]
[White "Rosales S., Allan"]
[Black "Ojeda M., Pablo"]
[Result "1-0"]
[WhiteElo "1934"]
[BlackElo "2014"]
[PlyCount "63"]

1. e4 e5 2. Nf3 Nc6 3. d4 d5 4. Nxe5 Nxe5 5. dxe5 dxe4 6. Qxd8+ Kxd8 7. Nc3 Bf5
8. Bg5+ f6 9. exf6 gxf6 10. O-O-O+ Ke8 11. Nd5 Bd6 12. Bh4 Kf7 13. Bc4 Kg7 14.
g4 Bg6 15. Rhe1 c6 16. Nc7 Bxc7 17. Rd7+ Kf8 18. Rxc7 Rb8 19. Rd1 Be8 20. Rd6
Bg6 21. Bg3 h6 22. Rdd7 h5 23. Rg7 Rd8 24. Rxg6 hxg4 25. Rgg7 Nh6 26. Bf4 Nf5
27. Rgf7+ Ke8 28. Be6 Rd5 29. Bxf5 Rxf5 30. Rxb7 Rxf4 31. Rg7 Kf8 32. Rgc7 1-0

[Event "1a. 2006"]
[Site "?"]
[Date "2006.??.??"]
[Round "?"]
[White "Torres E., Rodolfo"]
[Black "Manzano V., Jorge"]
[Result "1/2-1/2"]
[WhiteElo "1802"]
[BlackElo "1954"]
[PlyCount "83"]

1. e4 c5 2. Nf3 d6 3. d4 cxd4 4. Nxd4 Nf6 5. Nc3 a6 6. Be3 e5 7. Nb3 Be6 8. Qd2
Nbd7 9. f3 Be7 10. g4 Nb6 11. g5 Nfd7 12. Nd5 Bxd5 13. exd5 Qc7 14. Qd3 O-O 15.
O-O-O Rfc8 16. Qe4 Nc4 17. Bxc4 Qxc4 18. Rhg1 a5 19. Rg4 b5 20. Qxc4 bxc4 21.
Nd2 c3 22. Nc4 22... cxb2+ {(f5!?)} 23. Nxb2 Rc3 24. Rd3 Rac8 25. Rxc3 Rxc3 26.
Nc4 f5 27. gxf6 Nxf6 28. Kd2 Nxg4 29. Kxc3 Nxh2 30. f4 Ng4 31. fxe5 dxe5 32.
Bb6 Nf6 33. d6 Nd5+ 34. Kd3 Bxd6 35. Bxa5 Bb8 36. Ke4 Nf6+ 37. Kf5 e4 38. Bd8
Nd5 39. a3 Nc3 40. Bg5 Ba7 41. Bd2 g6+ 42. Kf4 1/2-1/2

[Event "1a. 2006"]
[Site "?"]
[Date "2006.??.??"]
[Round "?"]
[White "Mujica A., Cristhian"]
[Black "Rosales S., Allan"]
[Result "0-1"]
[WhiteElo "1934"]
[BlackElo "1766"]
[PlyCount "60"]

1. d4 d5 2. Nf3 Nf6 3. Bf4 e6 4. Nbd2 c5 5. c3 Nc6 6. Qc2 Bd7 7. Ne5 cxd4 8.
Nxc6 bxc6 9. cxd4 Rc8 10. e4 c5 11. Ba6 Rc6 12. Bb7 Rb6 13. dxc5 Rxb7 14. c6
Bxc6 15. Qxc6+ Qd7 16. Qxd7+ Kxd7 17. b3 dxe4 18. O-O Nd5 19. Be5 f6 20. Bb2 e3
21. fxe3 Nxe3 22. Rf3 Bc5 23. Ne4 Bb6 24. Kh1 Rd8 25. Rh3 h6 26. Rg3 Ke8 27.
Ba3 $2 27... Nc2 28. Rf1 Nxa3 29. Nxf6+ gxf6 30. Rg8+ Kf7 0-1

7 0-1

[Event "1a. 2006"]
[Site "?"]
[Date "2006.??.??"]
[Round "?"]
[White "Rosales S., Allan"]
[Black "Torres E., Rodolfo"]
[Result "1-0"]
[WhiteElo "1934"]
[BlackElo "1802"]
[PlyCount "65"]

1. c4 Nf6 2. g3 g6 3. Nc3 Bg7 4. Bg2 d6 5. e4 c6 6. Nge2 Na6 7. O-O O-O 8. Kh1
Nh5 9. d4 f5 10. Bg5 h6 11. Be3 Kh7 12. h3 fxe4 13. Nxe4 Nf6 14. Kh2 Qd7 15.
Nf4 Nc7 16. Qd3 Qe8 17. g4 17... Ne6 $2 18. Nxg6 Qxg6 19. Nxf6+ exf6 20. Be4 f5
21. Bxf5 Rxf5 22. gxf5 Qf6 23. fxe6+ Kh8 24. d5 cxd5 25. cxd5 Qxb2 26. Rg1 Qe5+
27. f4 Qb2+ 28. Kh1 b6 29. Rab1 Qxa2 30. Rxg7 Kxg7 31. Bd4+ Kf8 32. Qf5+ Ke7
33. Qf7+ 1-0

[Event "1a. 2006"]
[Site "?"]
[Date "2006.??.??"]
[Round "?"]
[White "Manzano V., Jorge"]
[Black "Mujica A., Cristhian"]
[Result "1-0"]
[WhiteElo "1953"]
[BlackElo "1766"]
[PlyCount "61"]

1. e4 c6 2. d4 d5 3. Nc3 dxe4 4. Nxe4 Bf5 5. Ng3 Bg6 6. h4 h6 7. h5 Bh7 8. Nf3
Nf6 9. Bd3 Bxd3 10. Qxd3 e6 11. Bd2 Nbd7 12. O-O-O c5 13. Rhe1 Be7 14. Kb1 O-O
15. Ne4 cxd4 16. Qxd4 Qc7 17. g4 $1 17... Nxe4 18. Qxe4 Nf6 19. Qe2 Nd5 20. g5
hxg5 21. Bxg5 Bxg5 22. Nxg5 Qb6 23. Ka1 Rad8 24. Rh1 Qc5 25. h6 gxh6 26. Rdg1
Qe7 27. Rxh6 Nf4 28. Nxe6+ Ng6 29. Rgxg6+ fxg6 30. Rxg6+ Kh8 31. Rh6+ 1-0

[Event "1a. 2006"]
[Site "?"]
[Date "2006.??.??"]
[Round "?"]
[White "Ojeda M., Pablo"]
[Black "Rosales V., Claudio"]
[Result "1-0"]
[WhiteElo "2014"]
[BlackElo "1739"]
[PlyCount "71"]

1. e4 e6 2. d4 c5 3. d5 exd5 4. exd5 d6 5. Nf3 Nf6 6. c4 Be7 7. Be2 O-O 8. O-O
Bf5 9. Nc3 Nbd7 10. Bf4 Ne4 11. Nxe4 Bxe4 12. Bd3 f5 13. Re1 g5 14. Bc1 Bxf3
15. Qxf3 Ne5 16. Qg3 g4 17. Bf4 Bh4 18. Qe3 Nxd3 19. Qxd3 Qf6 20. g3 Bg5 21.
Re6 Qd8 22. Rxd6 Qe7 23. Re6 Qg7 24. Bd6 Rf7 25. Rae1 h5 26. Re8+ Rxe8 27.
Rxe8+ Kh7 28. Be5 Rf6 29. d6 Qg6 30. Bxf6 Bxf6 31. d7 h4 32. Qd6 Qg5 33. Qf4
Qg6 34. d8=Q Bxd8 35. Rxd8 Qe6 36. Qc7+ 1-0

[Event "1a. 2006"]
[Site "?"]
[Date "2006.??.??"]
[Round "?"]
[White "Torres E., Rodolfo"]
[Black "Arevalo S., Felipe"]
[Result "1-0"]
[WhiteElo "1802"]
[BlackElo "1661"]
[PlyCount "59"]

1. e4 c5 2. Nf3 d6 3. d4 cxd4 4. Nxd4 Nf6 5. Nc3 a6 6. Bc4 e6 7. f3 Qc7 8. Bb3
Nc6 9. Be3 Nxd4 10. Qxd4 Be7 11. O-O-O O-O 12. g4 b5 13. h4 Bb7 14. h5 e5 15.
Qd2 b4 16. Na4 a5 17. g5 Nd7 18. g6 Nc5 19. Bxf7+ Kh8 20. Nxc5 dxc5 21. Qd7
Rac8 22. h6 gxh6 23. Rxh6 Rxf7 24. gxf7 Bf8 25. Rxh7+ Kxh7 26. Qf5+ Kg7 27.
Rg1+ Kh8 28. Rh1+ Bh6 29. Qf6+ Kh7 30. Rxh6# 1-0

[Event "1a. 2006"]
[Site "?"]
[Date "2006.??.??"]
[Round "?"]
[White "Ojeda M., Pablo"]
[Black "Pando T., Luis"]
[Result "1-0"]
[WhiteElo "2014"]
[BlackElo "1849"]
[PlyCount "71"]

1. e4 c5 2. Nf3 d6 3. d4 cxd4 4. Nxd4 Nf6 5. Nc3 a6 6. f3 e5 7. Nb3 Be7 8. Be3
8... b5 $6 9. a4 b4 10. Nd5 10... Nc6 $2 11. Bb6 Qd7 12. Nc7+ Kf8 13. Nxa8 Qb7
14. a5 Qxa8 15. Bc4 g6 16. Qd2 Kg7 17. O-O-O h6 18. h4 Nh5 19. g4 Nf4 20. Be3
Be6 21. Bxe6 Nxe6 22. f4 exf4 23. Bxf4 g5 24. Bxd6 gxh4 25. Bxe7 Nxe7 26. Qxb4
Ng6 27. Nd4 Nef4 28. Nf5+ Kh7 29. Rd7 Rf8 30. Nxh4 Ne5 31. Rd6 Rb8 32. Nf5 h5
33. Qd2 Qxe4 34. Rxh5+ Nxh5 35. Qh6+ Kg8 36. Ne7# 1-0

[Event "1a. 2006"]
[Site "?"]
[Date "2006.??.??"]
[Round "?"]
[White "Rosales S., Robin"]
[Black "Mujica A., Cristhian"]
[Result "0-1"]
[WhiteElo "1683"]
[BlackElo "1766"]
[PlyCount "60"]

1. e4 Nf6 2. d3 Nc6 3. Nc3 e6 4. Bg5 Be7 5. Nf3 d6 6. Be2 a6 7. O-O O-O 8. Re1
e5 9. h3 Be6 10. d4 exd4 11. Nxd4 Ne5 12. f4 Nc6 13. f5 Bd7 14. Nxc6 Bxc6 15.
Bf3 Bd7 16. g4 c6 17. Bxf6 Bxf6 18. Qxd6 Qb6+ 19. Kg2 Bh4 20. Re2 Qxb2 21. Rb1
Qxc3 22. Qxd7 Rad8 23. Qxb7 Qe5 24. Kh1 $2 24... Rb8 25. Qxb8 Rxb8 26. Rxb8+
Qxb8 27. e5 Qb1+ 28. Kg2 Qb5 29. e6 fxe6 30. Rxe6 Qb8 0-1